00693nam a2200241 a 4500001001300000003000900013005001700022008004100039020001000080082001300090100002100103245003700124260004700161300000900208500003500217505001000252650002700262700002100289902000800310942000700318952011300325999001300438nice12345678IN_TiNIC20260116011319.0050524s1954 mysa grp 000 0 eng  ac10000a234bEST aEstborn, Sigfrid aChristian Doctrine of Salvation. aMysorebChristian Literature Societyc1954 a238p aincludes index and biblioraphy2 aIndex aSalvation-Christianity1 aEstborn, Sigfrid bSRS cBK 001040708StackRoom-aHMIbHMId2008-03-07g100.00l0o234 ESTp02049r2008-03-07v100.00w2005-05-24yBK c428d428